Countries with High Speed Rail Networks - Sudden Death - Statistics

General Stats
  • This quiz has been taken 59 times
    50 since last reset
  • The average score is 6 of 9
Answers on the Grid
Answers color-coded by a green-red scale on the quiz's grid according to % correct below.
Austria
Brazil
China
Dominican Republic
Egypt
France
Germany
Honduras
Italy
Japan
Kuwait
Latvia
Monaco
New Zealand
Oman
Pakistan
Qatar
Russia
Singapore
Taiwan
Uzbekistan
Venezuela
Yemen
Zimbabwe
 
Answer Stats
Answer % Correct
China
88%
Germany
88%
Japan
86%
France
81%
Italy
71%
Austria
67%
Russia
62%
Taiwan
55%
Uzbekistan
14%
No matching quizzes found
Score Distribution
Percent of People with Each Score
Percentile by Number Answered
Your Score History
You have not taken this quiz since the last reset